00925nam a2200217 a 4500008004100000020001500041050001300056100002300069245017500092260004400267300002300311350000900334490005300343650004100396650001100437700001800448700001700466995008600483999001700569952012100586120416s2004 ||||||||||||||||| || u a0850927978 aCOMM(02) aChen, Martha Alter10aMainstreaming informal employment and gender in poverty reduction: a handbook for policy-makers and other stakeholderscby Martha Alter Chen, Joann Vanek and Marilyn Carr aLondon:bCommonwealth Secretariatc2004 axxiii, 248p.: ill. a0.00 aNew Gender Mainstreaming series on Gender issues aECONOMIC DEVELOPMENT--GENDER ASPECTS aGENDER aCarr, Marilyn aVanek, Joann D0.00FCBU-MAIN LIBRARY (Kitwe)H1I0.00M1UAVAILABLEZInternational Publications c49685d49685 00102lcc4070a001b001cInternational Publicationsd2022-11-30l0oCOMM(02)p9020147r2022-11-30w2022-11-30y002